000 00557nam a22001217a 4500
008 110627t xxu||||| |||| 00| 0 eng d
010 _aHCMA F-107
245 _aThe High Court Miscellaneous Application Number 643 of 2005 Fr. Francis Bahikirwe Muntu and 15 others Vs Kyambogo University.
260 _c2005
500 _aBefore: AG. Judge Remmy Kasule.
999 _c4092
_d4092